000 00740nam a2200229 a 4500
005 20230301114043.0
008 230227t2020 nju||||| |||| 00| 0 eng d
020 _a9781119679899
040 _aAKMAL
082 _a658.5752 ISA
090 _a658.5752
_bISA
100 _aIsabell Osann
_99534
245 _aThe design thinking quick start guide :
_ba 6-step process for generating and implementing creative solutions /
_cIsabell Osann, Lena Mayer, Inga Wiele
260 _aNew Jersey :
_bJohn Wiley & Sons,
_c2020
300 _a129p. :
_bill. ;
_c18cm
650 _aProduct design
_99535
650 _aCreative thinking
650 _aBrainstorming
_99536
700 _aLena Mayer
_99537
700 _aInga Wiele
_99538
942 _2ddc
_cBOOK
999 _c4979
_d4979